Catalog

Record Details

Catalog Search



Sociologie organizace  Cover Image Book Book

Sociologie organizace / Eliška Novotná

Record details

  • ISBN: 978-80-247-2428-7
  • Physical Description: 112 s. : il. ; 21 cm
  • Edition: Vyd. 1.
  • Publisher: Praha : Grada, 2008

Content descriptions

Bibliography, etc. Note:
Obsahuje bibliografii a rejstřík
Subject: sociologie organizace
organizational sociology
Genre: studie
studies

Available copies

  • 1 of 1 copy available at Common Catalog SPOK.

Holds

  • 0 current holds with 1 total copy.
Show All Copies
Location Call Number / Copy Notes Barcode Shelving Location Status Due Date
Jabok Library Soc-8.2 424480023825 Odborná literatura Available -

Electronic resources

Version of Resource: Digitalizovaný dokument


LDR 01198nam a2200361 a 4500
00112034
003CZ-PrJAB
00520190715141839.0
007ta
008081204s2008 xr a f 001 0 cze
015 . ‡acnb001828267
020 . ‡a978-80-247-2428-7 ‡q(brož.)
035 . ‡a(CZ PrNK)nkc20081828267
035 . ‡a(OCoLC)298778695
040 . ‡aABA001 ‡bcze
072 7. ‡a316.3 ‡xGlobální společnosti. Sociální struktura. Sociální skupiny ‡2Konspekt ‡918
080 . ‡a316.354 ‡2MRF
080 . ‡a(048.8) ‡2MRF
1001 . ‡aNovotná, Eliška, ‡d1944- ‡7xx0021111 ‡4aut
24510. ‡aSociologie organizace / ‡cEliška Novotná
250 . ‡aVyd. 1.
260 . ‡aPraha : ‡bGrada, ‡c2008
300 . ‡a112 s. : ‡bil. ; ‡c21 cm
4901 . ‡aSociologie
504 . ‡aObsahuje bibliografii a rejstřík
65007. ‡asociologie organizace ‡7ph135561 ‡2czenas
65009. ‡aorganizational sociology ‡2eczenas
655 7. ‡astudie ‡7fd133597 ‡2czenas
655 9. ‡astudies ‡2eczenas
830 0. ‡aSociologie (Grada)
85641. ‡uhttp://krameriusndk.nkp.cz/search/handle/uuid:bbbe18e0-947c-11e3-8e84-005056827e51 ‡yDigitalizovaný dokument
910 . ‡aABG312
995 . ‡aska
901 . ‡a12034 ‡bUnknown ‡c12034 ‡tbiblio

Additional Resources